000 00558nam a2200193Ia 4500
005 20250508163345.0
008 008 250505s9999 xx 000 0 eng d
037 _aTextual
040 _aFEDL
_beng
_cFEDL
041 _aeng
_2eng
084 _a407, DAW
_qFEDL
100 _aDawson Mildred A
_9761492
245 0 _aTeaching language in the grades
260 _aNew York, USA
_bWorld Book Company
_c1951
300 _aix,341p.
490 _aA guide for teachers of the language arts
942 _cTEXL
_h407, DAW
999 _c1382529
_d1382529